00414nam a2200133Ia 4500020001400000082001300014245009800027260003900125300001400164504001900178650003000197650002200227700003100249 a123456789 a378 HIG- 0aHigher education in nine countries: ba comparative study of colleges and universities abroad aNew YorkbMc Graw- Hill Bookc1971 aviii, 385 aincludes index aUniversities and Colleges aEducation, Higher aBarbara B. Burn [et....al]